00768 2200253 4500001002100000005001700021008004100038020002200079035002400101082001000125090001700135100002300152245013000175250001000305260004300315300002600358500001100384504001700395650002200412700002600434990001800460990001800478990001800496YOGYA-0411000000197920110425090159.0 ind  a978-979-25-4686-6 0010-041100000001979 a959.8 a959.8bAdi M aADI SUSITO, Taufik aMelacak dana revolusi : pengakuan para saksi & pemburu harta karun Soekarno / Taufik Adi Susito ; editor Rose Kusumaningratri aCet.1 aYogjakartabGarasi House Of Bookc2010 a135 hm.bilus.c20 cm aIndeks ahlm. 127-130 aIndonesia-Sejarah aKusumaningratri, Rose a51317-PD/B.10 a51318-PD/B.10 a51319-PD/B.10